000 01050nam a22003377a 4500
001 0031183
003 KOHA_MİRAKIL
005 20260207002752.0
007 ta
008 110812b2005 tu |||gr||||#||||0|tur |
020 _a9755744223
040 _aTR-BiSEU
_btur
_cTR-BiSEU
_erda
041 0 _atur
044 _ctu
050 _aHC241.25
_b.Y39 2005
100 1 _aYazgıç, Suavi Kemal.
245 1 _aAvrupa Birligi/
_cSuavi Kemal Yazgıç ; Suavi Kemal Yazgıç.
264 1 _aIstanbul :
_bİnsan Yayınları
_c2005
300 _a140 s.; 23 cm.
336 _ametin
_btxt
_2rdacontent
337 _aaracısız
_bn
_2rdamedia
338 _acilt
_bnc
_2rdacarrier
490 1 _aİnsan Yayınları ;
_v401.
490 1 _aKılavuz Kitaplar Dizisi ;13.
500 _aKaynakça var.
650 0 _aTurkey--Foreign economic relations--Europe.
_98775
650 0 _aEurope--Foreign economic relations--Turkey.
_98776
830 1 _aİnsan Yayınları ;
_v401.
_93280
830 1 _aKılavuz Kitaplar Dizisi ;13.
_961474
942 _2lcc
_cBK
999 _c31099
_d31099